| 000 | 00509nam a2200169Ia 4500 | ||
|---|---|---|---|
| 005 | 20250423094628.0 | ||
| 008 | 250422s9999 xx 000 0 und d | ||
| 020 | _a9780857113696 | ||
| 050 | _aRS 125 .B75/ | ||
| 245 | 0 | _aBritish national formulary | |
| 260 | _aLondon | ||
| 260 | _bBritish Medical Association | ||
| 260 | _c2021 | ||
| 300 | _a1748 p | ||
| 650 | _aMedicine--Formulae, receipts, prescriptions--Periodicals. Pharmacology--Periodicals. Drugs--Great Britain--Periodicals. | ||
| 942 | _cBK | ||
| 999 |
_c27819 _d27819 |
||